Make a Silhouette of Africa Quiz Stats

 Plays Quiz Updated Oct 30, 2019

Score 0/12 Timer 04:00
16 Plays Today
% Correct
Nile River
95.3%
Sahara Desert
94.3%
Madagascar
92%
Islam
90.2%
1.2 Billion
89.4%
54 countries
83%
Mount Kilimanjaro
82.6%
Nigeria
82.3%
Lake Victoria
81%
Cairo
80%
Algeria
79.8%
The Seychelles
61.8%

You're not logged in!

Compare scores with friends on all Sporcle quizzes.
OR
Log In

Sporcle TV

Today on Sporcle TV


Watch our educational content, quiz creation guides, and fun videos on Sporcle TV.

Show Comments

Extras

Top Quizzes Today


Score Distribution

Your Account Isn't Verified!

In order to create a playlist on Sporcle, you need to verify the email address you used during registration. Go to your Sporcle Settings to finish the process.

Report this User

Report this user for behavior that violates our Community Guidelines.

Details: